000
00304nam a2200109Ia 4500
008
200302s9999 xx 000 0 und d
100
_a
Bund utschr lanscha Ftsarchitekten Bdla ed.
245
_a
Grune infrastrukture green Infrastructure
260
_b
Birkhauser Verlag Gmbh
260
_c
2015
300
_a
176
999
_c
6595
_d
6595